000 00517nam a2200193Ia 4500
001 13610
003 IN-NITTTR
005 20251114233128.0
008 251113s9999||||xx |||||||||||||| ||eng||
040 _beng
040 _cIN-NITTTR
041 _aeng
082 _a005.1 R394P
100 _aRichardson, Gary L.
245 2 _aA primer on structured program design /
_cRichardson, Gary L., Butler, John D., Tomlinson, John D.
700 _a Butler, John D.
700 _a Tomlinson, John D.
942 _2ddc
_cBK
999 _c16246
_d16246